| 000 | 01523cam a22003135a 4500 | ||
|---|---|---|---|
| 001 | ocm85485151 | ||
| 003 | OSt | ||
| 005 | 20160623121711.0 | ||
| 008 | 070223t2007 njua frbe 001 0 eng d | ||
| 020 | _a9780471484998 | ||
| 040 |
_aDLC _beng _cDLC _dEG-ScBUE _dEG-ScBUE |
||
| 082 | 0 | 4 |
_a660.03 _bKIR _222 |
| 245 | 0 | 0 |
_aKirk-Othmer encyclopedia of chemical technology / _cEditor Arza Seidel. |
| 246 | 3 | 0 | _aEncyclopedia of chemical technology |
| 246 | 3 | 0 | _aChemical technology |
| 250 | _a5th ed. | ||
| 260 |
_aHoboken : _bWiley-Interscience / John Wiley & Sons, Inc., _cc.2007. |
||
| 300 |
_av. 23 : _bill. ; _c26 cm. |
||
| 500 | _aKirk-Othmer encyclopedia of chemical technology is available online in full color and with additional content at http://www.interscience.wiley.com/cgi-bin/mrwhome/104554789/HOME. | ||
| 504 | _aIncludes bibliographical references and index. | ||
| 505 | _av. 23. So-Su. | ||
| 520 | _aThe fifth edition of the Kirk-Othmer Encyclopedia of Chemical Technology, builds upon the solid foundation of the previous editions, which have proven to be a mainstay for chemists, biochemists, and engineers at academic, industrial, and government institutions since publication of the first edition in 1949. | ||
| 650 | 7 |
_aChemistry, Technical _vEncyclopedias. _2BUEsh _940304 |
|
| 651 | _2BUEsh | ||
| 653 |
_bENGCHE _cSeptember2015 _cJune2016 |
||
| 700 | 1 |
_aSeidel, Arza, _eeditor. _940305 |
|
| 856 | 4 | 0 | _uhttp://www.interscience.wiley.com/cgi-bin/mrwhome/104554789/HOME |
| 942 |
_2ddc _k660.03 KIR |
||
| 999 |
_c20817 _d20789 |
||